Aktorzy z serialu Rekrut - Statystyki

Ogólne statystyki
  • Ten quiz został rozwiązany 71 razy
  • Średni wynik to 8 z 15
Statystyki odpowiedzi
Hint Odpowiedź % Poprawnych
Eric Winter Tim Bradford
74%
Lisseth Chavez Celina Juarez
72%
NathanFillion John Nolan
72%
Melissa Oneil Lucy Chen
72%
Tru Valentino Aaron Thorsen
67%
Richard T Jones Wade Grey
67%
Alyssa Diaz Angela Lopez
64%
Jenna Dewan Bailey Nune
59%
Mekia Cox Nyla Harper
56%
Shawn Ashmore Wesley Evers
56%
Titus Makin Jr. Jackson West
51%
Mercedes Mason Zoe Andersen
38%
DylanConrique TamaraColins
33%
Aafton Williamson Talia Bishop
28%
Ali Larter Grace Sawyer
26%
Nie znaleziono quizów pasujących do podanych kryteriów
Rozkład punktacji
Procent ludzi z każdym wynikiem
Percentyl według liczby udzielonych odpowiedzi
Twoja historia wyników
Nie rozwiązałeś tego quizu